000 01266cam a2200337 a 4500
001 14815783
003 LC
005 20160316151846.0
008 070420s2007 nyub b 000 1 eng
010 _a 2007016163
020 _a9780340839744
035 _a(OCoLC)ocn123391025
035 _a(OCoLC)123391025
040 _aDLC
_cDLC
_dDLC
050 0 0 _aPS 3625
_b.Y68 2007
082 0 0 _aFIC
_bY8c 2007
100 1 _aYoung, Robyn,
_d1975-
_919826
245 1 0 _aCrusade /
_cRobyn Young.
260 _aNew York :
_bDutton,
_cc2007.
300 _a493 p. :
_bmaps ;
_c25 cm.
504 _aIncludes bibliographical references (p. [495]).
650 0 _aCrusades
_yEighth, 1270
_vFiction.
_919827
655 7 _aHistorical fiction.
_2gsafd
_92926
856 4 1 _3Table of contents only
_uhttp://www.loc.gov/catdir/toc/ecip0716/2007016163.html
856 4 2 _3Contributor biographical information
_uhttp://www.loc.gov/catdir/enhancements/fy0828/2007016163-b.html
856 4 2 _3Publisher description
_uhttp://www.loc.gov/catdir/enhancements/fy0828/2007016163-d.html
906 _a7
_bcbc
_corignew
_d1
_eecip
_f20
_gy-gencatlg
942 _2lcc
_cBK
999 _c11572
_d11572